Trabajos leídos en la sesión solemne celebrada por la Real Academia Sevillana de Buenas Letras el día 2 de mayo de 1908 para conmemorar el primer centenario de la guerra de la independencia / (Record no. 52368)

MARC details
000 -LEADER
campo de control de longitud fija 00591nam a2200157 i 4500
001 - NÚMERO DE CONTROL
campo de control 52368
003 - IDENTIFICADOR DE NÚMERO DE CONTROL
campo de control ES-MaACL
005 - FECHA Y HORA DE LA ÚLTIMA TRANSACCIÓN
campo de control 20250929063117.0
007 - CAMPO FIJO DE DESCRIPCIÓN FÍSICA--INFORMACIÓN GENERAL
campo de control de longitud fija t|
008 - DATOS DE LONGITUD FIJA--INFORMACIÓN GENERAL
campo de control de longitud fija 030828s1908 sp ||||1| spa d
100 1# - ENTRADA PRINCIPAL--NOMBRE DE PERSONA
Nombre de persona Chaves, Manuel,
Fechas asociadas al nombre 1870-1914
9 (RLIN) 38263
245 10 - MENCIÓN DEL TÍTULO
Título Trabajos leídos en la sesión solemne celebrada por la Real Academia Sevillana de Buenas Letras el día 2 de mayo de 1908 para conmemorar el primer centenario de la guerra de la independencia /
Mención de responsabilidad, etc. Manuel Chaves.
260 ## - PUBLICACIÓN, DISTRIBUCIÓN, ETC.
Lugar de publicación, distribución, etc. Sevilla :
Nombre del editor, distribuidor, etc. [s.n.],
Fecha de publicación, distribución, etc. 1908.
852 ## - LOCALIZACIÓN
Ubicación ES-MaACL
Número de control de estantería T-1221-F-12
Holdings
Estatus retirado Estado de pérdida Estado de daño No para préstamo Colección Biblioteca de origen Biblioteca actual Ubicación en estantería Fecha de adquisición Fuente de adquisición Total de préstamos Signatura topográfica completa Código de barras Visto por última vez Precio de reemplazo Tipo de ítem Koha
        Colección de folletos Biblioteca del Ateneo de Madrid Biblioteca del Ateneo de Madrid Depósito folletos 17/01/2008     T-1221-F-12 1055049 23/02/2023 23/02/2023 Folleto